000 00738nam a22002531 4500
001 22539
003 CZ PrNK
005 20260331161253.0
007 ta
008 981020s1954 xo af 000 | slo
020 _q(Váz.)
040 _aABA001
_bcze
_cABA001
_dABA001
041 1 _aslo
_heng
100 1 _aLondon, Jack,
_d1876-1916
_4aut
245 1 0 _aZ polárných a južných krajov /
_cJack London ; [z angl. preložil Š. Kýška]
250 _a1. vyd.
260 _aBratislava :
_bSmena,
_c1954
300 _a313 s., obr. příl. :
_bil. ;
_c
490 1 _aSvet dobrodružstiev ;
_vzv. 3
700 1 _aKýška, Štefan,
_d1914-1984
_4trl
830 0 _aSvet dobrodružstiev (Smena)
910 _aABA001
942 _2ddc
_cKLDO
_n0
999 _c22539
_d22539